00736nam a22001937a 450000500170000001000150001702000300003203500140006203700130007608200160008924500840010526000490018927000620023830000280030070000270032894200300035599900190038595201380040420231211144446.0 aENG-135709 c995.00a978-81-930957-7-5 aEN-119241 bDBAD/PUB a320.5310954 aNaxalism: cEdited by Harsharan SinghbGreat Hindrance to National Development/ aNew DelhibFalguni Publishers & Distributors aS-202, 4832/24, Ansari Road, DaryaganjbNew Delhie110002 a248p.c22cm(pbk)bindex aHarsharan Singh959727 2ddccENmNAXh320.5310954 c193873d193873 001040708NFICaVPbVPd2022-11-18eDBAD/PUBg995.00l0o320.5310954 NAXpEN-119241r2022-11-18 00:00:00t1v995.00w2022-11-18yEN